书目信息 |
| 题名: |
火灾后混凝土桥梁抢修技术与抢修模式
|
|
| 作者: | 李斐然 , 王学勤 , 陈景星 编著 | |
| 分册: | ||
| 出版信息: | 北京 人民交通出版社股份有限公司 2017.09 |
|
| 页数: | 157页 | |
| 开本: | 23cm | |
| 丛书名: | 公路交通应急保障系列丛书 | |
| 单 册: | ||
| 中图分类: | U448.33 | |
| 科图分类: | ||
| 主题词: | 混凝土建筑物--hun ning tu jian zhu wu--桥梁工程--维修 | |
| 电子资源: | ||
| ISBN: | 978-7-114-14158-4 | |
| 000 | 01678nam 2200313 450 | |
| 001 | CAL 003525626 | |
| 005 | 20171129114214.2 | |
| 010 | @a978-7-114-14158-4@dCNY49.00 | |
| 100 | @a20171127d2017 em y0chiy50 ea | |
| 101 | 0 | @achi |
| 102 | @aCN@b110000 | |
| 105 | @aak a 000yy | |
| 106 | @ar | |
| 200 | 1 | @a火灾后混凝土桥梁抢修技术与抢修模式@Ahuo zai hou hun ning tu qiao liang qiang xiu ji shu yu qiang xiu mo shi@d= Repair technology and rush repair mode of concrete bridge after fire@f李斐然, 王学勤, 陈景星编著@Fli fei ran , wang xue qin , chen jing xing bian zhu@zeng |
| 210 | @a北京@c人民交通出版社股份有限公司@d2017.09 | |
| 215 | @a157页@c图@d23cm | |
| 225 | 2 | @a公路交通应急保障系列丛书@Agong lu jiao tong ying ji bao zhang xi lie cong shu |
| 320 | @a有书目 (第152-157页) | |
| 330 | @a本书是关于火灾后混凝土桥梁抢修的专著, 全书共8章。第1章介绍了火灾事故和桥梁火灾方面的研究成果 ; 第2章对火灾后桥梁的检测和鉴定技术进行介绍 ; 第3章对桥面火灾开展了温度场分布的理论研究 ; 第4章和第5章分别介绍了加固方法和设计方案 ; 第6章针对京港澳高速公路刘江黄河特大桥引桥的加固施工技术进行了详细论述 ; 第7章对抢修过程中的监控和后评价技术进行了探讨 ; 第8章针对我国桥梁抢修的模式和刘江黄河特大桥抢险的经验进行了分析。 | |
| 410 | 0 | @12001 @a公路交通应急保障系列丛书 |
| 510 | 1 | @aRepair technology and rush repair mode of concrete bridge after fire@zeng |
| 586 | @a | |
| 606 | 0 | @a混凝土建筑物@Ahun ning tu jian zhu wu@x桥梁工程@x维修 |
| 690 | @aU448.33@v5 | |
| 701 | 0 | @a李斐然@Ali fei ran@4编著 |
| 701 | 0 | @a王学勤@Awang xue qin@4编著 |
| 701 | 0 | @a陈景星@Achen jing xing@4编著 |
| 801 | 0 | @aCN@c20171127 |
| 905 | @a河南城建学院图书馆@dU448.33@eL155@f2 | |
| 火灾后混凝土桥梁抢修技术与抢修模式= Repair technology and rush repair mode of concrete bridge after fire/李斐然, 王学勤, 陈景星编著.-北京:人民交通出版社股份有限公司,2017.09 |
| 157页:图;23cm.-(公路交通应急保障系列丛书) |
| ISBN 978-7-114-14158-4:CNY49.00 |
| 本书是关于火灾后混凝土桥梁抢修的专著, 全书共8章。第1章介绍了火灾事故和桥梁火灾方面的研究成果 ; 第2章对火灾后桥梁的检测和鉴定技术进行介绍 ; 第3章对桥面火灾开展了温度场分布的理论研究 ; 第4章和第5章分别介绍了加固方法和设计方案 ; 第6章针对京港澳高速公路刘江黄河特大桥引桥的加固施工技术进行了详细论述 ; 第7章对抢修过程中的监控和后评价技术进行了探讨 ; 第8章针对我国桥梁抢修的模式和刘江黄河特大桥抢险的经验进行了分析。 |
| ● |
| 相关链接 |
|
|
|
正题名:火灾后混凝土桥梁抢修技术与抢修模式
索取号:U448.33/L155
 
预约/预借
| 序号 | 登录号 | 条形码 | 馆藏地/架位号 | 状态 | 备注 |
| 1 | 1408368 | 214083686 | 自科库501/501自科库 55排4列1层/ [索取号:U448.33/L155] | 在馆 | |
| 2 | 1408369 | 214083695 | 自科库501/501自科库 55排3列1层/ [索取号:U448.33/L155] | 在馆 |